Quick Pick: Gen I Pokémon Quiz Stats

Quiz Updated Jun 23, 2016

Challenge
Share
Tweet
Embed
Score 0/10 Timer 01:00
1 Play Today
% Correct
Poliwhirl
89.2%
Doduo
88.1%
Scyther
87.5%
Venomoth
87.2%
Tangela
83.5%
Moltres
83%
Victreebel
81.6%
Kingler
81.6%
Shellder
81%
Seadra
80.1%

Today's Daily Dose

Missing Word
NPR Programs

Quick Pick
1991 Events

On This Day
June 18th II

You're not logged in!

Compare scores with friends on all Sporcle quizzes.
Join for Free
OR
Log In

You Might Also Like...

Show Comments

Extras

Top Quizzes Today


Score Distribution

Your Account Isn't Verified!

In order to create a playlist on Sporcle, you need to verify the email address you used during registration. Go to your Sporcle Settings to finish the process.

Report this User

Report this user for behavior that violates our Community Guidelines.

Details: